000
00302nam a22001097a 4500
999
_c
38914
_d
38914
020
_a
9788119139125
100
_a
Coomaraswamy, Ananda K.
245
_a
The Dance of Siva fourteen Indian Essays
_c
By Ananda K. C oomaraswamy
260
_a
New Delhi:
_b
Manohar,
_c
2023.
300
_a
196p.
942
_2
ddc
_c
BK